• 首页
  • 本馆介绍
  • 公告通知
  • 最新文献
  • 馆藏检索
  • 电子资源
  • 读者导购
  • 参考咨询
  • 我的图书馆
  • 登录
  • 详细信息显示
  • 放入我的书架
  • 预约/预借图书
  • 作者相关作品
  • 分类相关作品
  • 丛书相关作品
  • 出版社相关作品

书目信息

  • 表格格式
  • 工作单格式
  • 卡片格式
题名:
种子贮藏简明教程
    
 
作者: ;浙江农业大学种子教研组 编
分册:  
出版信息: 北京   农业出版社  1980.02
页数: 181页
开本: 19cm
丛书名: 种子工作丛书
单 册:
中图分类: S339.32
科图分类:
主题词: 作物育种 , 遗传育种 , 作物育种--良种繁育
电子资源:
ISBN:
000 00811nam0 2200253 450
001 0837103784
005 20081022103859.75
010    @dCNY0.56
091    @a16144.206
100    @a20081022d1980 km y0chiy0120 ea
101 0  @achi
102    @aCN@b110000
200 1  @a种子贮藏简明教程@Azhong zi zhu cang jian ming jiao cheng@f浙江农业大学种子教研组编@Fzhe jiang nong ye da xue zhong zi jiao yan zu bian
210    @a北京@c农业出版社@d1980.02
215    @a181页@d19cm
225 2  @a种子工作丛书
410  0 @12001 @a种子工作丛书
606 0  @a作物育种
606 0  @a遗传育种
606 0  @a作物育种@x良种繁育
690    @aS339.32@v4
711 02 @a浙江农业大学种子教研组@Azhe jiang nong ye da xue zhong zi jiao yan zu@4编
801  0 @aCN@b大连网信软件有限公司图书馆·11@c20081022
905    @aBZT@dS339.32@e80
    
    种子贮藏简明教程/浙江农业大学种子教研组编.-北京:农业出版社,1980.02
    181页;19cm.-(种子工作丛书)
    
    
    ISBN :CNY0.56
    
●
相关链接 在五车中查询图书 在当当中查询图书 在豆瓣中查询图书


正题名:种子贮藏简明教程     索取号:S339.32/80         预约/预借

序号 登录号 条形码 馆藏地/架位号 状态 备注
1 019960   201238954   中心书库中库/ 中库033架B面7列5层20/ [索取号:S339.32/80] 在馆    
2 019961   201238972   中心书库中库/ 中库033架B面8列2层17/ [索取号:S339.32/80] 在馆    
3 019962   201238945   中心书库中库/ 中库033架B面8列2层18/ [索取号:S339.32/80] 在馆    
4 019963   201238981   中心书库中库/ 中库033架B面8列2层52/ [索取号:S339.32/80] 在馆    
5 019964   201238990   中心书库中库/ 中库033架B面8列2层53/ [索取号:S339.32/80] 在馆    
6 019966   201238963   中心书库中库/ 中库033架B面8列4层23/ [索取号:S339.32/80] 在馆    
山东省滨州职业学院图书馆 欢迎您!
大连网信软件有限公司© 版权所有